Directors with the most films in the IMDB top 250 - Statistics

General Stats
  • This quiz has been taken 99 times
  • The average score is 11 of 20
Answer Stats
# Director % Correct
6 Steven Spielberg
89%
7 Martin Scorsese
87%
8 Christopher Nolan
82%
5 Quentin Tarantino
79%
6 Alfred Hitchcock
76%
3 Francis Ford Coppola
73%
7 Stanley Kubrick
69%
3 James Cameron
64%
6 Akira Kurosawa
58%
3 David Fincher
54%
3 Ridley Scott
53%
3 Peter Jackson
46%
5 Charles Chaplin
44%
5 Billy Wilder
38%
3 Clint Eastwood
38%
3 Frank Capra
32%
5 Hayao Miyazaki
32%
4 Ingmar Bergman
32%
4 Sergio Leone
29%
3 The Coen brothers
14%
No matching quizzes found
Score Distribution
Percent of People with Each Score
Percentile by Number Answered
Your Score History
You have not taken this quiz